[Event "Chess24 Legends of Chess"]
[Site "Online"]
[Date "2020.07.18"]
[Round "6.1"]
[White "Gelfand, Boris"]
[Black "Kramnik, Vladimir"]
[Result "1-0"]
[WhiteElo "2702"]
[BlackElo "2756"]
[Annotator "TA"]
[PlyCount "81"]
[EventDate "2020.07.21"]
[EventType "tourn"]
[SourceTitle "playchess.com"]
[Source "ChessBase"]
[SourceQuality "1"]

{[%evp 9,81,23,25,23,53,18,42,18,31,28,24,12,14,22,27,29,18,0,0,0,0,0,0,0,0,0,0,0,129,132,125,123,137,130,390,393,504,395,375,373,356,320,478,352,340,326,380,414,389,406,391,385,587,603,587,583,810,753,889,872,1338,1535,1512,1459,1458,1365,29975,29976,29976,29973,29986,29987,29987,29988]} 1. d4 Nf6 2. c4 e6 3. Nf3 d5 4. Nc3 Nbd7 5. Bf4 dxc4 6. e3 {D37: Queen's Gambit Declined: 5 Bf4.} b5 7. Nxb5 Bb4+ 8. Nd2 {White is slightly better.} Nd5 9. Bg3 N7b6 $1 10. a3 Ba5 $1 11. Rc1 O-O {[#]} 12. Nc3 $146 ({Predecessor:} 12. b4 cxb3 13. Qxb3 Bb7 14. Bd3 a6 15. Nxc7 Rc8 16. Rc5 Nxc7 17. Rxa5 Bxg2 18. Rg1 {1-0 (30) Valles,M (2350)-Heberla,B (2558) Porto 2015}) 12... Bb7 13. Nxc4 Nxc4 14. Bxc4 {aiming for b4.} Nxc3 15. bxc3 Bxg2 16. Rg1 Be4 17. Qh5 Bf5 18. Ke2 $36 {[%mdl 2048] White has good play.} Bb6 (18... Qd7 $11) 19. Be5 $16 Bg6 {[#]} 20. Qg4 $1 Qe8 {[#]} 21. h4 $1 {[%cal Rh4h5] h5 is the strong threat.} f5 $2 {[%mdl 8192] Now Black is done in.} (21... Qc6 $16 22. Bd3 Qd7) 22. Qf3 $18 f4 23. exf4 {Hoping for h5!} Rf5 24. Kf1 Rd8 25. Bd3 Rh5 (25... Rd7 $142 26. Bxf5 Bxf5) 26. Bxg6 hxg6 {[#]} 27. Bxg7 $1 {[%mdl 512]} Qb5+ (27... Kxg7 28. Qxh5) 28. c4 Qf5 29. Bf6 $1 {[%cal Rf6d8]} Rf8 30. Rg5 Rxf6 (30... Rxg5 {is a better defense.} 31. hxg5 Rxf6) 31. Rxf5 Rhxf5 32. c5 Ba5 33. Rc2 c6 34. Qxc6 Rxf4 35. Qa8+ Rf8 36. Qxa7 Bd8 37. c6 Bf6 38. c7 {White mates.} Bxd4 39. Qa6 Bxf2 40. Qxe6+ Kh7 41. c8=Q {Accuracy: White = 95%, Black = 46%.} 1-0

[Event "Chess24 Legends of Chess"]
[Site "Online"]
[Date "2020.07.18"]
[Round "6.1"]
[White "Ivanchuk, Vasyl"]
[Black "Svidler, Peter"]
[Result "1-0"]
[WhiteElo "2686"]
[BlackElo "2742"]
[Annotator "TA"]
[PlyCount "75"]
[EventDate "2020.07.21"]
[EventType "tourn"]
[SourceTitle "playchess.com"]
[Source "ChessBase"]
[SourceQuality "1"]

{[%evp 13,75,0,0,0,-6,-14,0,0,0,0,0,0,0,-6,0,0,-9,-15,-15,-16,-12,-9,4,5,14,0,4,0,0,0,6,0,0,0,0,0,41,34,34,41,44,44,51,47,52,57,167,163,167,162,167,167,166,162,175,179,194,194,378,379,378,370,378,372]} 1. d4 Nf6 2. c4 g6 3. Nc3 d5 4. Nf3 Bg7 5. e3 O-O 6. b4 c6 7. Bb2 Bg4 8. h3 {D94: Grünfeld: 4 Nf3 Bg7 5 e3.} Bxf3 9. Qxf3 a5 10. b5 {The position is equal.} a4 11. Rc1 Qa5 (11... a3 $5 12. Ba1 $8 Qa5 $11) 12. Bd3 cxb5 (12... a3 $5 13. Ba1 $8 cxb5 14. cxb5 (14. cxd5 b4 $15) 14... Nbd7 $11) 13. cxb5 Nbd7 14. O-O {[#] Strongly threatening Ba3.} e6 $146 (14... a3 $5 15. Ba1 $8 e6 $11) ({Predecessor:} 14... a3 15. Ba1 Nb6 16. Nb1 Rfc8 17. Bc3 Qa4 18. Bd2 e6 19. Nc3 Qa7 20. Nb1 Ne8 {½-½ (50) Skytte,R (2426)-Ruck,R (2570) Legnica 2013}) 15. Rc2 Rfc8 16. Rfc1 a3 17. Ba1 Qd8 18. Nb1 Bf8 19. Bc3 Nb6 20. Qd1 Nc4 21. Ba1 {[%cal Rd3c4]} Nb6 22. Nd2 Ne8 23. Rxc8 Rxc8 24. Bc3 Qd7 25. Ba5 Rxc1 26. Qxc1 Na4 27. Qc2 Nb2 28. Bf1 Nd6 29. Qb3 $1 $36 {[%mdl 2048] Black is under pressure.} Nbc4 ({Black should play} 29... Nc8 $14) 30. Nxc4 $18 dxc4 31. Bxc4 ({Don't take} 31. Qxa3 $6 Qxb5 32. Bb4 Qc6 $11) 31... Qc8 32. Bd3 Qc1+ 33. Kh2 Nf5 34. Qc2 Bd6+ 35. g3 Nxg3 $2 {[#]} (35... Qb2 36. Bc3 Qxc2 37. Bxc2 Ne7) 36. Qxc1 {White is winning.} Ne2+ 37. Kg2 Nxc1 38. Bc4 {Accuracy: White = 100%, Black = 81%.} 1-0

[Event "Chess24 Legends of Chess"]
[Site "Online"]
[Date "2020.07.18"]
[Round "6.2"]
[White "Carlsen, Magnus"]
[Black "Ding, Liren"]
[Result "1-0"]
[WhiteElo "2881"]
[BlackElo "2836"]
[Annotator "TA"]
[PlyCount "51"]
[EventDate "2020.07.21"]
[EventType "tourn"]
[SourceTitle "playchess.com"]
[Source "ChessBase"]
[SourceQuality "1"]

{[%evp 19,51,0,-10,-31,-15,-37,-32,-26,0,-30,29,31,25,22,29,26,42,34,341,331,444,457,410,389,570,468,734,711,962,959,948,932,1443,1425]} 1. d4 Nf6 2. c4 e6 3. Nf3 d5 4. Nc3 c6 5. Bg5 h6 6. Bh4 dxc4 7. e4 g5 8. Bg3 b5 9. Be2 Bb7 10. O-O Nbd7 11. Nd2 {D43: Semi-Slav: 5 Bg5 h6.} Qb6 12. a4 a6 13. e5 {Black is slightly better.} Nd5 14. Nde4 c5 ({Black should play} 14... O-O-O) 15. Nxd5 $11 Bxd5 16. Nc3 $1 {[%cal Rc3d5]} cxd4 17. Nxd5 exd5 18. Bh5 {[#] e6! is the strong threat.} Nc5 $146 {[%mdl 8192]} (18... Be7 $14) ({Predecessor:} 18... Bg7 19. e6 O-O 20. exd7 Rad8 21. axb5 axb5 22. Qf3 Rxd7 23. Bg4 Rdd8 24. h4 Qf6 25. hxg5 Qxf3 26. Bxf3 {0-1 (45) Del Rio de Angelis,S (2506)-Korneev,O (2565) Evora 2007}) 19. Qxd4 $18 Qe6 {[#] Threatens to win with ...Nb3.} 20. Bg4 $1 {[%cal Rg4e6]} Nb3 {[#]} 21. Qd1 $1 Qc6 (21... Qb6 $142 22. e6 (22. Qxd5 Rd8 $11) (22. Bd7+ Kxd7 23. Qxd5+ {[%mdl 64] Double Attack} Ke7 $11) 22... Be7) 22. axb5 {[%mdl 64] Overworked Piece. White is clearly winning.} Qxb5 (22... axb5 $142 23. Rxa8+ Qxa8) 23. e6 {Hoping for exf7+.} fxe6 24. Bxe6 Ra7 25. Bxd5 Nxa1 26. Qf3 {White took control after the opening. Accuracy: White = 100%, Black = 26%.} 1-0

[Event "Chess24 Legends of Chess"]
[Site "Online"]
[Date "2020.07.18"]
[Round "6.2"]
[White "Nepomniachtchi, Ian"]
[Black "Anand, Viswanathan"]
[Result "1-0"]
[WhiteElo "2778"]
[BlackElo "2751"]
[Annotator "TA"]
[PlyCount "67"]
[EventDate "2020.07.21"]
[EventType "tourn"]
[SourceTitle "playchess.com"]
[Source "ChessBase"]
[SourceQuality "1"]

{[%evp 11,67,9,33,0,79,75,87,94,102,24,29,47,30,32,28,27,119,126,109,127,201,193,200,188,255,251,261,265,263,256,261,262,294,200,186,199,211,211,211,211,206,193,211,211,235,236,227,233,244,244,263,263,260,245,256,260,382,372]} 1. e4 e5 2. Bc4 Nf6 3. d3 Bc5 4. Nc3 d6 5. f4 Nc6 6. Nf3 Ng4 7. Ng5 {Threatens to win with f5. C30: King's Gambit Declined.} Bf2+ (7... h6 $11 8. f5 (8. Nxf7 Qh4+ {[%mdl 64] Double Attack} 9. g3 Bf2+ 10. Kd2 Be3+ {[%mdl 64] Double Attack} 11. Ke1 Bf2+ 12. Kd2 Be3+ {[%mdl 64] Double Attack} 13. Ke1 Qh3 $11) (8. Bxf7+ Kf8 $11) 8... hxg5 9. Qxg4 f6) 8. Kf1 $16 exf4 9. Bxf7+ {White is better.} ({Inferior is} 9. Nxf7 Qh4 $17) 9... Kf8 10. Ne6+ (10. Be6 $1 $16 Qxg5 11. Qxg4 Qxg4 12. Bxg4) 10... Bxe6 $1 $11 11. Bxe6 Ne3+ $1 12. Bxe3 $1 Bxe3 {[#]} 13. Qh5 $146 {[%csl Ge6][%cal Rh5f7][%mdl 2048] White has good play.} ({Predecessor:} 13. Nd5 Bd4 14. c3 Bf6 15. Nxf4 Ne5 16. Bd5 c6 17. Ne6+ {1-0 (17) Hortensius,L (2033)-Moser,E Fermo 2009}) 13... Ne5 {White stays focused until the end.} (13... Qf6 $11 14. Bb3 g6 15. Qh6+ Qg7 16. Qxg7+ Kxg7) 14. Nd5 $16 c6 15. Nxe3 Qf6 {[#]} (15... fxe3 $16 {was worth a try.} 16. Ke2 Ke7) 16. Ke2 $1 $18 {Black must now prevent Bb3.} Qxe6 ({Wrong is} 16... fxe3 $2 17. Rhf1 $18) 17. Rhf1 Qf6 {[#]} (17... f3+ {is a better defense.} 18. gxf3 d5) 18. Rxf4 $3 {[%mdl 512]} Qxf4 19. Rf1 Qxf1+ 20. Kxf1 Re8 21. Kg1 Nf7 22. Qg4 {Qd7 is the strong threat.} g6 23. Nc4 Re7 24. Qf4 Re6 25. Na5 Kg7 26. Nxb7 Rb8 {[#]} 27. Nc5 $1 {[%cal Rc5e6]} Re7 28. Nb3 Ne5 29. h3 c5 30. Qd2 Rf8 31. d4 cxd4 32. Qxd4 ({Much less strong is} 32. Nxd4 $6 Nf7 $16) 32... Rf6 33. Nd2 g5 (33... Nc6 {was called for.} 34. Qd5 Ne5) 34. Nf1 {Accuracy: White = 88%, Black = 62%.} 1-0

[Event "Chess24 Legends of Chess"]
[Site "Online"]
[Date "2020.07.18"]
[Round "6.2"]
[White "Kramnik, Vladimir"]
[Black "Gelfand, Boris"]
[Result "1/2-1/2"]
[WhiteElo "2756"]
[BlackElo "2702"]
[Annotator "TA"]
[PlyCount "93"]
[EventDate "2020.07.21"]
[EventType "tourn"]
[SourceTitle "playchess.com"]
[Source "ChessBase"]
[SourceQuality "1"]

{[%evp 9,93,5,5,0,0,0,0,0,0,0,0,0,0,0,0,-43,11,0,24,31,27,38,43,33,32,31,31,14,17,0,31,35,33,35,44,38,45,34,55,33,54,61,58,48,51,42,42,42,42,35,42,42,42,27,42,10,0,0,1,0,0,0,12,16,25,25,27,0,0,0,0,0,45,0,0,0,0,0,0,0,0,0,0,0,0,0]} 1. Nf3 c5 2. b3 d5 3. e3 Nf6 4. Bb2 g6 5. Bb5+ Bd7 6. Bxf6 {A06: Réti Opening: 1 Nf3 d5.} exf6 7. Bxd7+ Qxd7 8. d4 Bg7 9. Nc3 f5 10. Qd2 cxd4 11. Nxd4 Nc6 {[#]} 12. O-O $146 ({Predecessor:} 12. Nce2 O-O 13. c3 Rfe8 14. O-O Rad8 15. Nc2 Qc7 16. Rfd1 a6 17. h3 Bh6 18. Ne1 {½-½ (59) Zmokly,A (2469)-Buse,D (2442) ICCF corr 2002}) 12... O-O (12... Nxd4 $15 13. exd4 O-O) 13. Nde2 $11 Ne7 14. Nf4 {[%cal Rc3d5]} Bxc3 15. Qxc3 Rac8 16. Qb2 Qc7 17. Rac1 Qc3 18. Qa3 Qc5 19. Qb2 Qc3 20. Qb1 Rc5 21. Rfd1 Rfc8 22. Rd4 R5c6 23. h4 h5 24. g3 a6 25. a4 Kh7 26. Qa2 Kg8 27. Ne2 Qa5 28. Qb2 Qc7 {[%cal Rc6c2]} 29. Rd2 Rc5 30. Qf6 Rc6 31. Qg5 Kh7 32. Nd4 Rc5 33. Rcd1 Qd6 34. Kg2 (34. c4 {with more complications.} f6 35. Qf4 Qxf4 36. exf4 dxc4 37. Re1) 34... Ng8 35. Qf4 (35. Rc1 {looks sharper.} Qb6 36. f3 R5c7 37. Re1 Qd6 38. Qf4) 35... Qxf4 36. exf4 Ne7 37. Re1 R8c7 38. Nf3 Nc6 39. Re8 Nb4 40. c4 dxc4 {[#] Strongly threatening ...c3.} 41. bxc4 (41. Rdd8 {is interesting.} Rd5 42. Ng5+ Kg7 43. Rg8+ Kf6 44. Rde8) 41... Nc6 {The position is equal.} 42. Ne5 $1 Nxe5 43. fxe5 {Rdd8 is the strong threat.} Rc8 $1 {[%cal Rc8e8]} ({Not} 43... Rxc4 $2 44. Rdd8 $18) 44. Re7 R8c7 45. Re8 {[#] Hoping for Rdd8.} Rc8 $1 {[%cal Rc8e8]} ({Don't go for} 45... Rxc4 $2 46. Rdd8 $18) 46. Re7 R8c7 47. Re8 {Accuracy: White = 90%, Black = 94%.} 1/2-1/2

[Event "Chess24 Legends of Chess"]
[Site "Online"]
[Date "2020.07.18"]
[Round "6.2"]
[White "Svidler, Peter"]
[Black "Ivanchuk, Vasyl"]
[Result "1-0"]
[WhiteElo "2742"]
[BlackElo "2686"]
[Annotator "TA"]
[PlyCount "97"]
[EventDate "2020.07.21"]
[EventType "tourn"]
[SourceTitle "playchess.com"]
[Source "ChessBase"]
[SourceQuality "1"]

{[%evp 13,97,-10,0,0,0,-2,0,0,5,0,0,-3,6,-10,0,-11,0,-21,0,0,0,-23,-16,-73,-74,-101,-99,-113,-104,-97,-100,-102,-47,-70,-22,-60,-49,-35,-32,-48,185,-147,-151,-222,-239,-195,-111,-203,-215,-279,-262,-247,-262,-345,-152,-129,30,34,39,25,40,22,24,31,104,48,39,5,45,28,12839,1411,1642,1645,1372,911,12835,12835,12841,12842,12843,12843,12843,12843,12845,12845]} 1. c4 e6 2. Nf3 d5 3. e3 Nf6 4. b3 Bd6 5. Bb2 O-O 6. Nc3 c6 7. Be2 Nbd7 8. O-O {A11: English Opening: 1...c6.} Re8 9. Rc1 $5 {[%mdl 4] Leaves trodden paths.} dxc4 10. bxc4 {The position is equal.} e5 11. d4 {[#]} exd4 $146 ({Predecessor:} 11... e4 12. Nd2 Nb6 13. c5 Bb8 14. cxb6 Qxb6 15. Nc4 Qc7 16. Ne5 Qd8 17. Bc4 Bxe5 18. dxe5 Qxd1 19. Rfxd1 Rxe5 {1-0 (24) Speck,S (1980)-Edel,F (1525) Goch 2011}) 12. exd4 Nf8 13. Qc2 Bg4 14. h3 Bh5 15. Rcd1 Qa5 16. d5 Rad8 17. Nd4 {Black must now prevent Bxh5.} Bxe2 18. Ncxe2 (18. Ndxe2 $11 Be5 19. dxc6) 18... cxd5 $17 19. Nb3 Qxa2 20. Nec1 Qa6 21. Bxf6 gxf6 22. cxd5 Ng6 (22... Qb5 $17 23. Nd4 Qxd5) 23. Nd4 $15 Re5 24. Nf3 Rh5 25. Ne2 Qa5 26. Qe4 Qc7 $2 (26... Kf8 $15 {keeps the upper hand.}) 27. g3 $2 (27. Qg4 $18 Qe7 28. Qxh5 Qxe2 29. Rfe1) 27... Qd7 $36 {[%mdl 2048] Black has strong initiative.} 28. h4 (28. Qg4 $17 {was necessary.} Rxh3 29. Qxd7 Rxd7 30. Nc3) 28... Re8 $19 29. Qc4 f5 ({Black should play} 29... Qh3 $19 30. Rd4 Rhe5 $1 {[%mdl 512]} 31. Nxe5 Nxe5) 30. Rfe1 {[#]} (30. Nc3 $17) 30... f4 $1 {[%mdl 512]} 31. Nc3 (31. Nxf4 Rxe1+) 31... Rxe1+ ({Less strong is} 31... fxg3 32. Rxe8+ Qxe8 33. Qg4 $17) 32. Rxe1 fxg3 33. Ne4 gxf2+ (33... Rf5 $19 {is more deadly.} 34. Nxd6 Rxf3) 34. Kxf2 $17 Rf5 $2 (34... Be7 $17 35. d6 Bxh4+ 36. Nxh4 Rxh4 37. Nf6+ Kg7 $1 {[%mdl 512]} 38. Nxd7 Rxc4) 35. Nxd6 $11 Rxf3+ $1 36. Kxf3 Qxd6 {[%mdl 4096] Endgame KQR-KQN} 37. Re8+ Kg7 {Strongly threatening ...Ne5+.} 38. Qd4+ Kh6 ({Black should try} 38... f6 $14) 39. Rg8 (39. Kg2 $16) 39... f6 $14 40. Re8 {[%mdl 1024] aiming for Re6! White has compensation.} Ne5+ 41. Kg2 {Re6! is the strong threat.} Qa3 $2 {[%mdl 8192]} (41... Kg7 $11) 42. Qf4+ (42. Rxe5 $142 fxe5 43. Qd2+ Kg6 44. d6) 42... Kg6 $18 {[#]} 43. Qg3+ $1 Qxg3+ 44. Kxg3 {KR-KN} Nf7 45. Kf4 Nd6 46. Re6 Nc4 47. d6 Nb6 {[#]} 48. h5+ $1 {[%mdl 512]} Kxh5 49. Kf5 {What a bad dream for Black. Accuracy: White = 57%, Black = 56%.} 1-0

[Event "Chess24 Legends of Chess"]
[Site "Online"]
[Date "2020.07.18"]
[Round "6.2"]
[White "Giri, Anish"]
[Black "Leko, Peter"]
[Result "1-0"]
[WhiteElo "2731"]
[BlackElo "2710"]
[Annotator "TA"]
[PlyCount "131"]
[EventDate "2020.07.21"]
[EventType "tourn"]
[SourceTitle "playchess.com"]
[Source "ChessBase"]
[SourceQuality "1"]

{[%evp 18,131,14,14,9,14,16,14,18,18,18,14,16,23,29,12,12,12,15,9,13,15,34,34,24,18,22,16,21,19,22,7,10,4,7,3,6,0,0,2,1,0,0,0,0,0,0,0,0,0,0,0,0,0,0,0,11,7,20,22,16,0,8,8,8,8,111,31,157,133,187,204,410,393,357,421,368,411,396,381,257,92,1020,958,1009,953,958,708,852,991,938,817,806,766,696,0,1058,1011,1186,1095,29977,29978,29988,29977,29975,29975,29981,29982,29982,29983,29986,29987,29988,29989,29989,29990]} 1. Nf3 Nf6 2. g3 d5 3. Bg2 e6 4. O-O Be7 5. c4 O-O 6. b3 c5 7. cxd5 Nxd5 8. Bb2 Nc6 9. d4 cxd4 10. Nxd4 Bd7 {A14: English Opening: 1...e6 with b3 by White.} 11. Na3 {[%cal Bb1a3,Ba3c4,Bc4d6][%mdl 32]} Bf6 12. Qd2 Nxd4 {The position is equal.} 13. Bxd4 Bc6 14. Rfd1 Bxd4 15. Qxd4 Qe7 16. Nc4 {[#]} Nb4 $146 {White must now prevent ...Bxg2.} ({Predecessor:} 16... Rfd8 17. Ne5 Bb5 18. Bf3 Nb4 19. Qb2 f6 20. a3 Na6 21. Nd3 e5 22. Bg2 Rac8 {1-0 (73) Moriarty,A (2217)-Salzmann,S (2336) ICCF email 2018}) 17. Qd6 Qxd6 18. Nxd6 Bxg2 19. Kxg2 Rab8 20. a3 Nc6 21. Rd3 Rfd8 22. Rad1 Ne5 23. R3d2 Kf8 24. h3 Rd7 25. f4 Nc6 26. Rd3 b6 27. Nb5 Rxd3 28. Rxd3 $11 {[%mdl 4096] Endgame KRN-KRN} Ke7 29. Kf2 Rc8 30. Ke3 a6 31. Nd6 Rd8 32. Ne4 Rxd3+ 33. Kxd3 {KN-KN} f5 34. Ng5 h6 35. Nf3 Kd6 36. e4 Ne7 37. Ne5 b5 38. Kd4 fxe4 39. Kxe4 Nd5 40. Kd4 Nf6 41. Nd3 Nd7 {[#]} (41... Nh5 $1 $11 {keeps the balance.}) 42. b4 {Black is on the road to losing.} (42. Nf2 $1 $16) 42... Nb8 (42... g6 $1 $14) 43. Nc5 $16 h5 (43... Nd7 $16) 44. Ke4 g6 $2 (44... Nc6 {keeps fighting.} 45. Nxa6 Ne7) 45. g4 $18 hxg4 46. hxg4 Ke7 {[#]} 47. Nd3 $1 Nd7 48. Ne5 {Strongly threatening Nxd7.} Nf6+ 49. Kf3 $2 (49. Kd4 $18 {is the precise move to win.}) 49... Nd5 $2 {[%mdl 8192]} (49... g5 $16) 50. Nxg6+ Kf6 51. Ne5 Nc3 52. g5+ Kg7 53. Nc6 Kf7 54. Kg4 Nd5 55. Ne5+ Kg7 56. Nc6 $2 (56. Nd3 $18 {aiming for Nc5.} Ne3+ 57. Kf3) 56... Ne3+ $2 {[%mdl 8192]} (56... Kf7 $11 57. Nb8 Nc7) 57. Kf3 Nc2 58. Nd8 e5 59. f5 {White mates.} Nxa3 60. Nc6 Nc4 61. Ke4 Kh7 62. Nxe5 Nd6+ 63. Kf4 Nb7 64. g6+ Kh6 65. Nf7+ Kg7 66. Kg5 {Accuracy: White = 89%, Black = 71%.} 1-0

[Event "Chess24 Legends of Chess"]
[Site "Online"]
[Date "2020.07.18"]
[Round "6.3"]
[White "Ding, Liren"]
[Black "Carlsen, Magnus"]
[Result "1/2-1/2"]
[WhiteElo "2836"]
[BlackElo "2881"]
[Annotator "TA"]
[PlyCount "119"]
[EventDate "2020.07.21"]
[EventType "tourn"]
[SourceTitle "playchess.com"]
[Source "ChessBase"]
[SourceQuality "1"]

{[%evp 14,119,39,38,36,24,35,16,27,22,68,58,60,61,40,48,62,56,72,29,52,49,53,45,62,57,85,74,68,71,60,64,85,85,85,85,85,84,94,91,116,85,85,85,85,85,85,85,85,85,85,85,85,85,85,85,85,85,85,85,85,85,85,85,85,85,85,85,85,0,85,85,85,85,92,54,54,54,75,16,37,0,0,0,0,0,0,0,0,0,0,0,0,0,0,0,0,0,0,0,0,0,0,0,0,0,0,0]} 1. Nf3 d5 2. g3 g6 3. Bg2 Bg7 4. d4 Nf6 5. O-O O-O 6. c4 c6 7. Qb3 dxc4 8. Qxc4 b5 {D78: Fianchetto Grünfeld: 6 0-0 c6.} 9. Qc3 $5 {[%mdl 4] [#] Exploring less charted territory.} Bb7 $146 ({Predecessor:} 9... Be6 10. Nbd2 Qb6 11. a4 a5 12. e4 Nfd7 13. Qa3 b4 14. Qd3 Rd8 15. Rd1 Na6 16. Nc4 Bxc4 17. Qxc4 {1-0 (52) Esen,B (2453)-Meddeb,A (2128) Sousse 2007}) 10. Ne5 Nd5 11. Qc2 Na6 12. Nxc6 Qd7 13. Bxd5 {[#] aiming for Bg5.} Rac8 14. Qb3 Bxc6 15. Bxc6 Rxc6 16. Be3 Bxd4 17. Rd1 Rd6 18. Bxd4 Rxd4 19. Nc3 Nc7 20. Rxd4 Qxd4 21. Nxb5 Nxb5 22. Qxb5 $16 {[%mdl 4096] Endgame KQR-KQR} Rc8 23. Qb7 Rc2 24. Qxe7 Kg7 25. Rb1 a5 26. a4 Rxb2 27. Rxb2 (27. Rc1 {feels hotter.} Rc2 28. Rxc2 Qd1+ 29. Kg2 Qxc2 30. Qe5+) 27... Qxb2 {KQ-KQ} 28. Qe4 Qb4 29. Qc2 h5 30. h4 Kg8 31. Kf1 Kg7 32. e3 Kg8 33. Ke2 Kg7 34. Qc6 Qb2+ 35. Kf3 Qb4 36. Qd7 {Black must now prevent Qd4+.} Qb3 37. Qd4+ Kh7 38. Kg2 Qb7+ 39. Kf1 Qb1+ {[#]} 40. Ke2 $1 Qc2+ 41. Kf3 Qb3 $1 42. Qe4 Qd1+ 43. Kg2 Qb3 44. g4 hxg4 45. Qxg4 Qd5+ 46. Qf3 ({White should play} 46. Kg3 $16) 46... Qc4 $11 47. h5 g5 $1 {The position is equal.} 48. Qf5+ Kh6 49. e4 (49. Kf3 {is interesting.} Qxa4 50. Qf6+ Kxh5 51. Qxf7+ Kh6 52. Qe6+) 49... Qe6 50. Qxe6+ fxe6 51. Kg3 Kxh5 {K3P-K3P} 52. f4 Kg6 53. Kg4 gxf4 54. Kxf4 {KPP-KPP} Kf6 55. e5+ Kg6 56. Kg4 Kh6 $1 57. Kh4 $1 Kg6 {Strongly threatening ...Kf5.} 58. Kg4 Kh6 $1 59. Kh4 $1 Kg6 {And now ...Kf5 would win.} 60. Kg4 {Accuracy: White = 90%, Black = 92%.} 1/2-1/2

[Event "Chess24 Legends of Chess"]
[Site "Online"]
[Date "2020.07.18"]
[Round "6.3"]
[White "Anand, Viswanathan"]
[Black "Nepomniachtchi, Ian"]
[Result "1/2-1/2"]
[WhiteElo "2751"]
[BlackElo "2778"]
[Annotator "TA"]
[PlyCount "95"]
[EventDate "2020.07.21"]
[EventType "tourn"]
[SourceTitle "playchess.com"]
[Source "ChessBase"]
[SourceQuality "1"]

{[%evp 12,95,31,0,27,0,0,0,-8,-15,8,16,28,28,6,-34,11,8,9,-35,-25,-56,0,0,-7,-27,-2,-40,0,0,0,0,0,0,0,0,25,27,20,23,21,17,11,12,17,17,17,11,12,72,-58,62,31,0,0,0,0,0,0,0,0,0,0,0,0,0,0,0,0,0,0,0,0,0,68,0,0,0,0,0,0,0,0,0,0,0]} 1. e4 c5 2. Nf3 d6 3. d4 cxd4 4. Nxd4 Nf6 5. Nc3 a6 6. h3 e5 7. Nb3 Be7 {B90: Sicilian Najdorf: Unusual White 6th moves, 6 Be3 Ng4 and 6 Be3 e5.} 8. g4 (8. Be3 Nbd7 9. a4 Nf8 10. Bc4 Be6 11. Qd3 Rc8 12. Nd2 Qc7 13. Bb3 Ng6 14. a5 O-O 15. O-O Nh5 16. Rfd1 Nhf4 17. Qf1 Bg5 18. Ra4 Qe7 19. Nc4 Rcd8 20. Bb6 Rd7 21. Ne3 Bh6 22. Nf5 Qg5 23. g3 d5 24. Nxd5 Nxd5 25. Bxd5 Bxf5 {1-0 (25) Anand,V (2785)-Nepomniachtchi,I (2730) Dubai 2014}) 8... h6 9. Qf3 b5 10. Be3 b4 11. Nd5 Nxd5 12. exd5 O-O 13. O-O-O Nd7 {[#]} 14. Nd2 $146 ({Predecessor:} 14. Bd3 a5 15. Nd2 Ba6 16. Bf5 Re8 17. h4 Nf8 18. g5 h5 19. g6 fxg6 20. Be4 {1-0 (39) He,A (2337)-Preotu,R (2487) chess.com INT 2020}) 14... a5 15. Ne4 a4 16. h4 b3 17. a3 $1 bxc2 18. Rd2 $1 Rb8 19. Rg1 $1 Nf6 20. g5 Nxe4 21. Qxe4 g6 22. Bd3 Bf5 23. Qxa4 Ra8 24. Qc4 Rc8 25. Qa6 Ra8 26. Qb6 Qxb6 $1 27. Bxb6 hxg5 28. hxg5 Rfb8 29. Be3 $1 {[#]} Rxa3 $1 {[%mdl 512]} 30. bxa3 Rb1+ 31. Kxc2 Rxg1 32. a4 Bd8 33. Bxf5 gxf5 $11 {[%mdl 4096] Endgame KRB-KRB} 34. Rd1 Rg4 35. Rb1 Kg7 36. Rb8 Ba5 37. Kb3 f4 38. Ba7 {White wants to play Rb5.} e4 39. Bd4+ Kg6 40. Ra8 Bd2 41. Kc2 e3 {[#] Threatens to win with ...f3.} 42. Kd3 {Strongly threatening a5.} Be1 ({Black should try} 42... exf2 $11 43. Bxf2 Rg2) 43. fxe3 (43. Rg8+ $1 $14 Kf5 44. fxe3 fxe3 45. g6 (45. Bxe3 Rxa4 46. Rf8 Kg6 $11) (45. Kxe3 Bf2+ 46. Kxf2 Rxd4 $11) 45... Rxg6 46. Rxg6 fxg6 47. Bxe3) 43... f3 {The position is equal.} 44. Rg8+ Kh5 $1 45. Rf8 Kg6 46. Rg8+ Kh5 $1 47. Rf8 Kg6 48. Rg8+ {Accuracy: White = 87%, Black = 89%.} 1/2-1/2